It looks like you're offline.
Open Library logo
additional options menu

MARC record from Internet Archive

LEADER: 00955cam a2200313 a 4500
001 3419460
003 BIBLIOS
005 20030825155144.0
008 030320r20031964nyu 000 1 eng
010 $a 2003265266
020 $a0142437298
035 $a(DLC) 2003265266
040 $aDLC$cDLC$dBIBLIOS
050 00 $aPS3503.E4488$bH45 2003
082 00 $a813/.52$222
100 1 $aBellow, Saul.
245 10 $aHerzog /$cSaul Bellow.
260 $aNew York :$bPenguin Books,$cc2003.
300 $axxvi, 371 p. ;$c20 cm.
440 0 $aPenguin classics
500 $a"Introduction by Philip Roth"--Cover.
650 0 $aCollege teachers$vFiction.
650 0 $aFailure (Psychology)$vFiction.
650 0 $aMiddle-aged men$vFiction.
650 0 $aJewish men$vFiction.
655 7 $aPsychological fiction.$2lcsh
655 7 $aJewish fiction.$2lcsh
998 $d3419460$a2003265266$b9780142437298$cHerzog
998 $d3419460$a2003265266$b9780142437298$cHerzog